| 000 | 00826nam a2200217 a 4500 | ||
|---|---|---|---|
| 001 | 001085360 | ||
| 003 | AM-YeHGA | ||
| 005 | 20250618074415.0 | ||
| 008 | 150716s2015 ai r 000 0 arm d | ||
| 020 | _a9789939602967 | ||
| 040 | _aAM-YeHGA | ||
| 041 | 0 | _aarm | |
| 100 | 1 |
_aԱրտավազդ, Յուրի, _g(Յուրի Արտավազդի Սահակյան), _d1934- |
|
| 245 | 1 | 0 |
_aՄորուս Հասրաթյան. թանկագին քարը / _cՅուրի Արտավազդ ; Խմբ.՝ Վանիկ Սանթրյան. |
| 260 |
_aԵրևան : _bՎՄՎ-Պրինտ, _c2015. |
||
| 300 |
_a206 էջ : _b[8] թ. նկ. |
||
| 600 | 1 | 4 |
_aՀասրաթյան, Մորուս Ստեփանի, _d1902-1979 _92367 |
| 650 | 1 | 4 |
_aՀայագիտություն _94600 |
| 650 | 1 | 4 |
_aՀայ գրականագիտություն _94862 |
| 090 | _c352738 | ||
| 999 |
_c350925 _d350925 |
||